| 000 | 00604nam a2200217 a 4500 | ||
|---|---|---|---|
| 005 | 20240809063804.0 | ||
| 008 | 060920s2003 ag r 000 0 spa d | ||
| 020 | _a9500003249 (v.1) | ||
| 020 | _a9870003591 (v.2) | ||
| 035 | _aUPN01000147238 | ||
| 049 | _aCG | ||
| 050 | 4 |
_aHV696 F6 _bA8.3 |
|
| 100 | 1 | _aAtlas, Jaime | |
| 245 | 1 | 0 |
_aAsistencia alimentaria / _cJaime Atlas. |
| 260 |
_aBuenos Aires : _bLumen-Hvmanitas, _c2003. |
||
| 300 |
_a2 v. : _ecuadros |
||
| 650 | 4 |
_aAYUDA EN ALIMENTOS _94276 |
|
| 650 | 4 |
_aALIMENTOS - _xABASTECIMIENTO _92218 |
|
| 650 | 4 |
_aNutrición _92193 |
|
| 905 | _aLibro | ||
| 999 |
_c119383 _d119383 |
||